<?xml version="1.0" encoding="UTF-8"?>
<record
    xmlns:xsi="http://www.w3.org/2001/XMLSchema-instance"
    xsi:schemaLocation="http://www.loc.gov/MARC21/slim http://www.loc.gov/standards/marcxml/schema/MARC21slim.xsd"
    xmlns="http://www.loc.gov/MARC21/slim">

  <leader>00358nam a22001457a 4500</leader>
  <controlfield tag="008">250519b        |||||||| |||| 00| 0 eng d</controlfield>
  <datafield tag="040" ind1=" " ind2=" ">
    <subfield code="a">RCL</subfield>
  </datafield>
  <datafield tag="082" ind1=" " ind2=" ">
    <subfield code="a">320.9 B52P</subfield>
  </datafield>
  <datafield tag="100" ind1=" " ind2=" ">
    <subfield code="a">Bhagat, R.M.</subfield>
  </datafield>
  <datafield tag="245" ind1=" " ind2=" ">
    <subfield code="a">Pashchatya Rajnitik Chintan</subfield>
  </datafield>
  <datafield tag="260" ind1=" " ind2=" ">
    <subfield code="a">Jalandhar</subfield>
    <subfield code="b">New Acadmic Pub.</subfield>
    <subfield code="c">2012p.</subfield>
  </datafield>
  <datafield tag="300" ind1=" " ind2=" ">
    <subfield code="a">516p.</subfield>
  </datafield>
  <datafield tag="700" ind1=" " ind2=" ">
    <subfield code="a">Tandon,Satish</subfield>
    <subfield code="9">27734</subfield>
  </datafield>
  <datafield tag="942" ind1=" " ind2=" ">
    <subfield code="c">BK</subfield>
  </datafield>
  <datafield tag="952" ind1=" " ind2=" ">
    <subfield code="0">1</subfield>
    <subfield code="1">0</subfield>
    <subfield code="4">0</subfield>
    <subfield code="7">0</subfield>
    <subfield code="a">RNL</subfield>
    <subfield code="b">RNL</subfield>
    <subfield code="d">0000-00-00</subfield>
    <subfield code="g">0.00</subfield>
    <subfield code="l">0</subfield>
    <subfield code="o">320.9 B52P</subfield>
    <subfield code="p">50850</subfield>
    <subfield code="y">BK</subfield>
  </datafield>
  <datafield tag="952" ind1=" " ind2=" ">
    <subfield code="0">0</subfield>
    <subfield code="1">0</subfield>
    <subfield code="2">ddc</subfield>
    <subfield code="4">0</subfield>
    <subfield code="7">0</subfield>
    <subfield code="8">PS</subfield>
    <subfield code="a">RNL</subfield>
    <subfield code="b">RNL</subfield>
    <subfield code="c">GEN</subfield>
    <subfield code="d">0000-00-00</subfield>
    <subfield code="g">325.00</subfield>
    <subfield code="l">4</subfield>
    <subfield code="o">320.9 B52P</subfield>
    <subfield code="p">50851</subfield>
    <subfield code="r">2024-05-29</subfield>
    <subfield code="s">2024-05-16</subfield>
    <subfield code="v">325.00</subfield>
    <subfield code="y">BK</subfield>
  </datafield>
  <datafield tag="952" ind1=" " ind2=" ">
    <subfield code="0">0</subfield>
    <subfield code="1">3</subfield>
    <subfield code="4">0</subfield>
    <subfield code="7">0</subfield>
    <subfield code="a">RNL</subfield>
    <subfield code="b">RNL</subfield>
    <subfield code="d">0000-00-00</subfield>
    <subfield code="g">0.00</subfield>
    <subfield code="l">1</subfield>
    <subfield code="o">320.9 B52P</subfield>
    <subfield code="p">50852</subfield>
    <subfield code="r">2023-12-14</subfield>
    <subfield code="s">2018-11-16</subfield>
    <subfield code="y">BK</subfield>
  </datafield>
  <datafield tag="952" ind1=" " ind2=" ">
    <subfield code="0">0</subfield>
    <subfield code="1">0</subfield>
    <subfield code="2">ddc</subfield>
    <subfield code="4">0</subfield>
    <subfield code="7">0</subfield>
    <subfield code="8">PS</subfield>
    <subfield code="a">RNL</subfield>
    <subfield code="b">RNL</subfield>
    <subfield code="c">GEN</subfield>
    <subfield code="d">0000-00-00</subfield>
    <subfield code="g">325.00</subfield>
    <subfield code="l">1</subfield>
    <subfield code="o">320.9 B52P</subfield>
    <subfield code="p">50853</subfield>
    <subfield code="r">2019-10-31</subfield>
    <subfield code="s">2019-10-30</subfield>
    <subfield code="v">325.00</subfield>
    <subfield code="y">BK</subfield>
  </datafield>
  <datafield tag="952" ind1=" " ind2=" ">
    <subfield code="0">0</subfield>
    <subfield code="1">0</subfield>
    <subfield code="2">ddc</subfield>
    <subfield code="4">0</subfield>
    <subfield code="7">0</subfield>
    <subfield code="8">PS</subfield>
    <subfield code="a">RNL</subfield>
    <subfield code="b">RNL</subfield>
    <subfield code="c">GEN</subfield>
    <subfield code="d">0000-00-00</subfield>
    <subfield code="g">325.00</subfield>
    <subfield code="l">2</subfield>
    <subfield code="o">320.9 B52P</subfield>
    <subfield code="p">50854</subfield>
    <subfield code="r">2019-10-01</subfield>
    <subfield code="s">2019-09-26</subfield>
    <subfield code="v">325.00</subfield>
    <subfield code="y">BK</subfield>
  </datafield>
  <datafield tag="952" ind1=" " ind2=" ">
    <subfield code="0">0</subfield>
    <subfield code="1">0</subfield>
    <subfield code="2">ddc</subfield>
    <subfield code="4">0</subfield>
    <subfield code="7">0</subfield>
    <subfield code="8">PS</subfield>
    <subfield code="a">RNL</subfield>
    <subfield code="b">RNL</subfield>
    <subfield code="c">GEN</subfield>
    <subfield code="d">0000-00-00</subfield>
    <subfield code="g">325.00</subfield>
    <subfield code="l">5</subfield>
    <subfield code="o">320.9 B52P</subfield>
    <subfield code="p">50855</subfield>
    <subfield code="r">2020-11-17</subfield>
    <subfield code="s">2020-11-05</subfield>
    <subfield code="v">325.00</subfield>
    <subfield code="y">BK</subfield>
  </datafield>
  <datafield tag="952" ind1=" " ind2=" ">
    <subfield code="0">0</subfield>
    <subfield code="1">0</subfield>
    <subfield code="2">ddc</subfield>
    <subfield code="4">0</subfield>
    <subfield code="7">0</subfield>
    <subfield code="8">PS</subfield>
    <subfield code="a">RNL</subfield>
    <subfield code="b">RNL</subfield>
    <subfield code="c">GEN</subfield>
    <subfield code="d">2025-05-19</subfield>
    <subfield code="g">325.00</subfield>
    <subfield code="l">0</subfield>
    <subfield code="o">320.9 B52P</subfield>
    <subfield code="p">50849</subfield>
    <subfield code="r">2025-05-19</subfield>
    <subfield code="v">325.00</subfield>
    <subfield code="w">2025-05-19</subfield>
    <subfield code="y">BK</subfield>
  </datafield>
  <datafield tag="999" ind1=" " ind2=" ">
    <subfield code="c">47114</subfield>
    <subfield code="d">47114</subfield>
  </datafield>
</record>
